000 00324nam a22001457a 4500
008 230320b ||||| |||| 00| 0 eng d
020 _a012016
041 _aeng
080 _22016 EDITION
_a61
082 _a61EWI
100 _a7
101 _aMJEKSI
245 _aTHE LONG TERM CARE SURVEY
_cEWING.P.J
942 _2udc
_cBK
999 _c59390
_d59390